[Event "Moscow ol (Women)"]
[Site "Moscow"]
[Date "1994.??.??"]
[Round "10"]
[White "Benschop, Anne Marie"]
[Black "Djeno, Mara"]
[Result "0-1"]
[WhiteElo "2195"]
[BlackElo "2140"]

1.e4 d6 2.d4 g6 3.Nc3 Bg7 4.Nf3 Nd7 5.Bc4 e6 6.O-O Ne7 7.Bb3 O-O 8.Bg5 h6
9.Be3 b6 10.Qd2 Kh7 11.Rad1 Bb7 12.Qe2 Qc8 13.Bc1 c6 14.Rfe1 Ba6 15.Qd2 d5
16.Qf4 g5 17.Qd6 Ng6 18.exd5 cxd5 19.Ba4 Nf6 20.Nb5 Rd8 21.Qb4 Ne4 22.Qb3 Bxb5
23.Qxb5 g4 24.Ne5 Bxe5 25.dxe5 Nxe5 26.Rd4 Qc5 27.c3 Ng6 28.Qe2 e5 29.Rdd1 f5
30.Bc2 b5 31.Be3 Qc6 32.f3 gxf3 33.gxf3 Rg8 34.Kh1 Nd6 35.Rg1 Nh4 36.Rdf1 b4
37.Bd2 e4 38.fxe4 dxe4 39.Be3 Nf3 40.Rg3 Rxg3 41.hxg3 bxc3 42.bxc3 Rg8 43.Bf4 Rg6
44.Rd1 Nf7 45.Qe3 Rg7 46.Bb3 Qg6 47.Kg2 N7e5 48.Rh1 Ng4 49.Qc5 Qf6 50.Qc8 Nfe5
51.Be6 Kg6 52.Qe8+ Nf7 53.Qc8 Ng5 54.Bd7 Re7 55.Rd1 Qf7 56.Rd6+ Kg7 57.Bxf5 Nf6
58.Rd8 e3 59.Rd1 Qxa2+ 60.Kh1 e2 61.Re1 Qd5+  0-1

[Event "Moscow ol (Men)"]
[Site "Moscow"]
[Date "1994.??.??"]
[Round "10"]
[White "Sermek, Drazen"]
[Black "Nogueiras, Jesus"]
[Result "0-1"]
[WhiteElo "2515"]
[BlackElo "2530"]

1.e4 d6 2.d4 g6 3.Nc3 Bg7 4.Nf3 Nf6 5.Bc4 O-O 6.Qe2 c6 7.e5 dxe5 8.dxe5 Nd5
9.Bd2 Bg4 10.h3 Bxf3 11.Qxf3 e6 12.Qe2 Nd7 13.f4 Qh4+ 14.Qf2 Qxf2+ 15.Kxf2 f6
16.exf6 Bxf6 17.Rae1 b5 18.Bb3 Nc5 19.g3 a5 20.a3 Nxb3 21.cxb3 b4 22.axb4 axb4
23.Na4 Bd4+ 24.Kf3 e5 25.Re2 g5 26.Rc1 gxf4 27.Rxc6 fxg3+ 28.Kxg3 Kh8 29.Rd6 Nf4
30.Rh2 Nh5+ 31.Kh4 Ng7 32.Kg4 Rf1 33.h4 Raf8 34.Rg2 Nf5 35.Rd7 Rg8+ 36.Bg5 Ne3+
37.Kh3 Nxg2 38.Kxg2 Rgf8 39.Rd8 Rf2+ 40.Kg3 Rxd8 41.Bxd8 e4  0-1

[Event "Moscow ol (Women)"]
[Site "Moscow"]
[Date "1994.??.??"]
[Round "11"]
[White "Girkiyan Klink, Tamara"]
[Black "Gurieli, Nino"]
[Result "1/2-1/2"]
[WhiteElo "2170"]
[BlackElo "2395"]

1.e4 g6 2.d4 Bg7 3.Nc3 d6 4.Nf3 Nf6 5.h3 O-O 6.Be3 c6 7.a4 Nbd7 8.a5 e5 9.dxe5 dxe5
10.Bc4 Qe7 11.O-O Nc5 12.Nd2 Rd8 13.Qe2 Ne6 14.Bxe6 Bxe6 15.Nb3 Nd7 16.Rfd1 Bf8
17.Rd2 Bxb3 18.cxb3 Nc5 19.Rxd8 Rxd8 20.Qc4 a6 21.Rd1 Rxd1+ 22.Nxd1 Ne6 23.Bb6 Qb4
24.Ne3 Nd4 25.Bxd4 exd4 26.Qxb4 Bxb4 27.Nc4 d3 28.Kf1 f6 29.f3 Kf7 30.Kf2 d2
31.Ke2 Ke6 32.Kd1 f5 33.g4 fxe4 34.fxe4 h5 35.g5 Be7 36.h4 Bc5 37.Nxd2 Ke5
38.Ke2 Bb4 39.Ke3 Bxd2+ 40.Kxd2 Kxe4 41.Kc3 Kf5 42.Kd4 Kf4 43.b4 Kf5 44.b3 Kf4
45.Kc5 Kg4 46.Kb6 Kxh4 47.Kxb7 Kxg5 48.Kxa6 h4 49.Kb6 h3 50.a6 h2 51.a7 h1=Q
52.a8=Q Qg1+ 53.Kb7 Qd4 54.Qa5+ Kf4 55.Qd5  1/2-1/2

[Event "Moscow ol (Men)"]
[Site "Moscow"]
[Date "1994.??.??"]
[Round "12"]
[White "Gallego, Ruben"]
[Black "Assaf, Mansour"]
[Result "1-0"]
[WhiteElo "2255"]
[BlackElo "2170"]

1.e4 g6 2.d4 Bg7 3.Nc3 d6 4.f4 Nf6 5.Nf3 O-O 6.Bd3 c5 7.d5 e6 8.O-O exd5
9.exd5 Nbd7 10.f5 Nb6 11.fxg6 hxg6 12.Bg5 Nbd7 13.Nd2 a6 14.Nce4 b5 15.Nxf6+ Bxf6
16.Rxf6 Nxf6 17.Ne4 c4 18.Nxf6+ Kh8 19.Qe1 Qb6+ 20.Be3 Qd8 21.Qh4+ Kg7 22.Bh6+  1-0

[Event "Moscow ol (Men)"]
[Site "Moscow"]
[Date "1994.??.??"]
[Round "12"]
[White "Hutcheson, John"]
[Black "Smith, H."]
[Result "1-0"]
[WhiteElo "2255"]
[BlackElo "2105"]

1.e4 g6 2.d4 Bg7 3.Nc3 d6 4.Be3 Nf6 5.Nf3 O-O 6.Qd2 c6 7.Bh6 b5 8.Bd3 b4
9.Ne2 a5 10.h4 Bg4 11.Ng3 Bxf3 12.gxf3 Kh8 13.h5 Bxh6 14.Qxh6 Ng8 15.Qg5 e6
16.hxg6 fxg6 17.Qxg6 Qd7 18.e5 Ra7 19.O-O-O Rf7 20.Ne4 Rg7 21.Qh5 Qf7 22.Nxd6 Qxh5
23.Rxh5 Rae7 24.f4 Rg2 25.Rdh1 h6 26.f5 exf5 27.Nxf5 Re6 28.Nxh6 Nxh6 29.Rxh6+ Rxh6
30.Rxh6+ Kg8 31.Rg6+  1-0

[Event "Moscow ol (Women)"]
[Site "Moscow"]
[Date "1994.??.??"]
[Round "12"]
[White "Agababian, Naira"]
[Black "Segal, Anna"]
[Result "0-1"]
[WhiteElo "2205"]
[BlackElo "2220"]

1.e4 g6 2.d4 Bg7 3.Nc3 d6 4.f4 Nf6 5.Nf3 O-O 6.Be3 b6 7.Bc4 c5 8.e5 Ng4 9.Bg1 a6
10.dxc5 bxc5 11.h3 Nh6 12.Bf2 Nc6 13.O-O Na5 14.Bd5 Rb8 15.exd6 exd6 16.Bh4 Qc7
17.g4 Kh8 18.Re1 Rxb2 19.Re7 Bd7 20.Qd2 Nc6 21.f5 gxf5 22.g5 Ng8 23.Rxf7 Rxf7
24.Bxf7 Nd4 25.Ne1 Qa5 26.Qd3 Qxc3 27.Rd1 Qxd3 28.Rxd3 Be5 29.Re3 Nxc2 30.Rxe5 dxe5
31.Nd3 Rb1+ 32.Kf2 e4 33.Ne5 Bb5 34.Be6 e3+ 35.Kg2 Nd4 36.g6 Nxe6 37.gxh7 Kxh7  0-1

[Event "Moscow ol (Men)"]
[Site "Moscow"]
[Date "1994.??.??"]
[Round "13"]
[White "Hassan, Sayed Barakat"]
[Black "Kakageldyev, Amanmurad"]
[Result "0-1"]
[WhiteElo "2415"]
[BlackElo "2450"]

1.e4 g6 2.d4 Bg7 3.Nc3 d6 4.f4 Nf6 5.Nf3 O-O 6.Bd3 Na6 7.O-O c5 8.d5 Nc7
9.a4 a6 10.Qe2 Rb8 11.a5 b5 12.axb6 Rxb6 13.Na4 Rb8 14.c4 e6 15.e5 Nfe8 16.exd6 Nxd6
17.Ne5 Bb7 18.Nxc5 exd5 19.Nxb7 Rxb7 20.c5 Nc4 21.Bxc4 dxc4 22.Qe4 Rb4 23.Be3 Qe7
24.Rfe1 Re8 25.Qc6 Bxe5 26.fxe5 Rxb2 27.Qd6 c3 28.Rac1 Nb5 29.Qxe7 Rxe7  0-1

[Event "Moscow ol (Men)"]
[Site "Moscow"]
[Date "1994.??.??"]
[Round "14"]
[White "Zhuravliov, Valerij"]
[Black "Donguines, Fernie"]
[Result "1/2-1/2"]
[WhiteElo "2465"]
[BlackElo "2380"]

1.e4 g6 2.d4 Bg7 3.Nc3 d6 4.Be3 a6 5.Qd2 Nc6 6.h3 Nf6 7.Nf3 O-O 8.d5 Na5
9.a4 e6 10.Be2 exd5 11.exd5 c6 12.dxc6 Nxc6 13.O-O d5 14.Nd4 Be6 15.Rfd1 Rc8
16.Nxc6 Rxc6 17.f3 Qe7 18.Bd4 Rfc8 19.Ra3 Bf8 20.Rb3 Nh5 21.Bd3 Qh4 22.Qf2 Qg5
23.h4 Qe7 24.Ne2 Bh6 25.c3 f5 26.f4 Bf8 27.Re1 Re8 28.Kf1 Bf7 29.a5 Re6 30.Rb6 Rxb6
31.axb6 Nf6 32.Ng1 Qd8 33.Rxe8 Bxe8 34.Nf3 Bd6 35.Be5 Ne4 36.Bxe4 dxe4 37.Bxd6 exf3
38.Qd4 Qxh4 39.Qd5+ Bf7 40.Qxf3 Bc4+ 41.Kg1 Qe1+ 42.Kh2 Qh4+ 43.Kg1 Qe1+
44.Kh2 Qh4+  1/2-1/2

[Event "Moscow ol (Men)"]
[Site "Moscow"]
[Date "1994.??.??"]
[Round "14"]
[White "Petursson, Margeir"]
[Black "Kakageldyev, Amanmurad"]
[Result "1-0"]
[WhiteElo "2540"]
[BlackElo "2450"]

1.d4 g6 2.e4 Bg7 3.Nc3 d6 4.Nf3 c6 5.a4 Nf6 6.Be2 O-O 7.O-O Nbd7 8.a5 Qc7
9.Be3 Re8 10.Nd2 e5 11.d5 cxd5 12.exd5 a6 13.Nc4 Nc5 14.Ra3 h5 15.b4 Ncd7
16.h3 Nh7 17.Ne4 Bf8 18.Rc3 Qb8 19.Nb6 Nxb6 20.Bxb6 Bf5 21.Bc7 Qc8 22.Bxd6 Qd7
23.Bxf8 Bxe4 24.Bc5 Qxd5 25.Bc4 Qxd1 26.Rxd1 Bc6 27.Rcd3 Ng5 28.Rd6 Kg7 29.f3 Ne6
30.Bb6 Rac8 31.R1d2 e4 32.fxe4 Bxe4 33.Bb3 Bc6 34.Rf2 Re7 35.h4 Rce8 36.Bc4 Rd7
37.Rxd7 Bxd7 38.Rd2 Ba4 39.Bd5 Re7 40.Bf3 Bb5 41.Kf2 Kf6 42.Rd8 Ke5 43.Rc8 Nd4
44.c4 Nxf3 45.cxb5 Nd2 46.bxa6 bxa6 47.b5 axb5 48.a6 Ne4+ 49.Kg1 Nd6 50.Rb8 Nc4
51.Bc5  1-0

[Event "Moscow ol (Men)"]
[Site "Moscow"]
[Date "1994.??.??"]
[Round "14"]
[White "Mamombe, Kudzanai"]
[Black "Osman, Gadir Abdel"]
[Result "1-0"]
[WhiteElo "2120"]
[BlackElo "2185"]

1.e4 g6 2.d4 Bg7 3.Nc3 d6 4.Bc4 Nc6 5.Nf3 h6 6.h3 Nf6 7.Be3 O-O 8.Qd2 Kh7
9.Bb3 e5 10.O-O-O Nd7 11.g4 a5 12.a4 Ne7 13.h4 c6 14.dxe5 dxe5 15.h5 g5 16.Bxg5 hxg5
17.Nxg5+ Kh8 18.Nxf7+ Rxf7 19.Bxf7 Qf8 20.Be6 Nb6 21.Bxc8 Nexc8 22.g5 Nc4
23.Qd8 N8b6 24.Qxf8+ Bxf8 25.b3 Nd6 26.Kb2 Nf7 27.g6 Nh6 28.Ne2 Bc5 29.f3 Rf8
30.Rd3 Bf2 31.Rhd1 Kg7 32.Rf1 Bh4 33.c4 Be7 34.Rh1 Bc5 35.Rh3 Kf6 36.Rd1 Ke6
37.Rd3 Nd7 38.Ng3 Bd4+ 39.Kc2 Rg8 40.Rd2 Be3 41.Rd3 Bg5 42.Nf5 Nxf5 43.exf5+ Ke7
44.Rxd7+ Kxd7 45.h6 Bf6 46.g7 Ke7 47.Rg3 Kf7 48.h7 Rxg7 49.h8=Q Rxg3 50.Qc8 Rxf3
51.Qxb7+ Be7 52.Qxc6 Rxf5 53.Qd5+ Kf6 54.Qxa5 e4 55.Qb6+ Ke5 56.a5 Kf4 57.a6 Bc5
58.Qc7+ Ke3 59.a7 Rf2+ 60.Kc3 Bd4+ 61.Kb4 Rf8 62.Qb7 Kd3 63.a8=Q Bc3+ 64.Kb5 Rxa8
65.Qxa8 e3 66.Qd5+ Bd4 67.Qf5+ Kd2 68.Qe4 Ba7 69.c5 e2 70.Qd4+ Kc2 71.Qe3 Kd1
72.Qd3+ Ke1 73.b4 Bb8 74.Ka6 Bf4 75.c6 Kf2 76.Qd4+ Kf3 77.Qg1 Bh2 78.Qh1+ Ke3
79.Qxh2  1-0

[Event "Moscow ol (Women)"]
[Site "Moscow"]
[Date "1994.??.??"]
[Round "14"]
[White "Mortensen, Beatrix"]
[Black "Agababian, Naira"]
[Result "1-0"]
[WhiteElo "2100"]
[BlackElo "2205"]

1.e4 d6 2.d4 g6 3.Nc3 Bg7 4.Be3 c6 5.Qd2 b5 6.f3 a6 7.a4 h5 8.Nh3 Nd7 9.Ng5 Nb6
10.O-O-O Rb8 11.Bd3 Qc7 12.Rde1 b4 13.Nd1 c5 14.e5 cxd4 15.e6 f5 16.Bf2 Nc4
17.Qe2 d5 18.Kb1 Nh6 19.g4 Rb6 20.gxh5 gxh5 21.f4 Nd6 22.Qxh5+ Kf8 23.Qg6 Ne4
24.Rhg1 Nxg5 25.Rxg5 Bf6 26.Rh5 Bxe6 27.Rxh6  1-0

[Event "Nagykanizsa op"]
[Site "Nagykanizsa"]
[Date "1994.??.??"]
[Round "?"]
[White "Zila, Laszlo"]
[Black "Chernyshov, Konstantin"]
[Result "1-0"]
[WhiteElo "2230"]
[BlackElo "2480"]

1.e4 g6 2.d4 Bg7 3.Nc3 d6 4.Bg5 c5 5.dxc5 Qa5 6.Qd2 Qxc5 7.Nf3 Nf6 8.Bd3 Nc6
9.O-O Bg4 10.Be3 Qa5 11.Nd4 O-O 12.Nb3 Qc7 13.Bh6 Ne5 14.Bxg7 Kxg7 15.f4 Nxd3
16.cxd3 Be6 17.Kh1 Bxb3 18.axb3 e6 19.h3 Qb6 20.f5 exf5 21.Rxf5 Qd4 22.Ra4 Qb6
23.Rxf6 Rac8 24.Rc4 Qxb3 25.Rxc8 Rxc8 26.Rxd6 a5 27.Qf2 a4 28.Qb6  1-0

[Event "Neuwied op"]
[Site "Neuwied"]
[Date "1994.??.??"]
[Round "?"]
[White "Zimmermann, Frank"]
[Black "Schmaltz, Roland"]
[Result "1/2-1/2"]
[WhiteElo "2290"]
[BlackElo "2445"]

1.e4 g6 2.d4 Bg7 3.Nc3 d6 4.Be3 a6 5.Qd2 Nd7 6.f3 b5 7.Nge2 Bb7 8.g4 e6 9.Ng3 h6
10.h4 Ne7 11.Be2 Rc8 12.Nd1 c5 13.c3 Nc6 14.Nf2 cxd4 15.cxd4 Qa5 16.Qxa5 Nxa5
17.Bd3 Nc4 18.Bxc4 Rxc4 19.b3 Rc7 20.Kd2 Ke7 21.Rac1 Rhc8 22.Ne2 Rxc1 23.Rxc1 Rxc1
24.Nxc1 f5 25.Ne2 fxe4 26.fxe4 Kf7 27.Ng3 Nb8 28.Kc3 Nc6 29.Nd3 a5 30.a3 Bc8
31.g5 hxg5 32.hxg5 Bf8 33.b4 axb4+ 34.axb4 Bg7 35.Ne2 Bb7 36.Nf2 Bf8 37.Nd3 Bg7
38.Nf2  1/2-1/2

[Event "New York Marshall/Enhance"]
[Site "New York"]
[Date "1994.??.??"]
[Round "1"]
[White "London, Dimitri"]
[Black "Zlotnikov, Mikhail"]
[Result "1/2-1/2"]
[WhiteElo "2400"]
[BlackElo "2390"]

1.e4 g6 2.d4 Bg7 3.Nc3 d6 4.Nf3 Nf6 5.Be2 O-O 6.O-O c6 7.a4 Nbd7 8.Re1 e5
9.h3 Re8 10.Bf1 a5 11.Be3 exd4  1/2-1/2

[Event "New York op"]
[Site "New York"]
[Date "1994.??.??"]
[Round "5"]
[White "Wahls, Matthias"]
[Black "Manion, Josh"]
[Result "1-0"]
[WhiteElo "2520"]
[BlackElo "2280"]

1.e4 g6 2.d4 Bg7 3.Nc3 d6 4.f4 Nf6 5.Nf3 O-O 6.Bd3 Nc6 7.e5 dxe5 8.fxe5 Nd7
9.Be2 f6 10.exf6 exf6 11.Nd5 Ne7 12.Nf4 Nb6 13.O-O c6 14.c4 Bf5 15.Qb3 Qd7
16.Be3 Kh8 17.Rad1 Rad8 18.Rfe1 Qc7 19.Nd3 Be6 20.Bf4 Qc8 21.Nc5 Bg8 22.a4 g5
23.Be3 Nf5 24.Bf2 Nd6 25.Nd2 Rde8 26.Qc2 f5 27.b3 Nd7 28.Bd3 Nf6 29.Bg3 f4
30.Bf2 Ng4 31.Nf3 Nxf2 32.Qxf2 g4 33.Ne5 Nf7 34.Ncd7 Nxe5 35.Nxe5 Qd8 36.Bb1 Qg5
37.Qc2 Qh4 38.Rf1 Rf6 39.Rd3 Be6 40.Qe2 Ref8 41.Rc3 f3 42.gxf3 gxf3 43.Rcxf3 Qxd4+
44.Kh1 Bg4 45.Nxg4 Qxg4 46.Qd3 Qh4 47.Rxf6 Bxf6 48.Qd6 Qh6 49.Be4 Bg7 50.Rxf8+ Bxf8
51.Qe5+ Qg7 52.Qf5 c5 53.a5 b6 54.a6 Bd6 55.Bc2 Qe7 56.Be4 Qg7 57.h3 Qa1+
58.Kg2 Qg7+ 59.Kf3 Qg3+ 60.Ke2 Qg7 61.Kd3 Qe7 62.Kc2 Qg7 63.Kd3 Qg3+ 64.Kc2 Qg7
65.h4 Qe7  1-0

[Event "New York op"]
[Site "New York"]
[Date "1994.??.??"]
[Round "8"]
[White "Byrne, Robert E"]
[Black "Manion, Josh"]
[Result "1/2-1/2"]
[WhiteElo "2460"]
[BlackElo "2280"]

1.e4 g6 2.d4 Bg7 3.Nc3 d6 4.f4 Nf6 5.Nf3 O-O 6.Be3 Nbd7 7.Be2 c5 8.O-O Ng4
9.Bc1 cxd4 10.Nxd4 Qb6 11.Bxg4 Qxd4+ 12.Kh1 Qxd1 13.Nxd1  1/2-1/2

[Event "New York op"]
[Site "New York"]
[Date "1994.??.??"]
[Round "9"]
[White "Appleberry, Martin"]
[Black "Marquez, Raul"]
[Result "1/2-1/2"]
[WhiteElo "2355"]
[BlackElo "2260"]

1.e4 g6 2.d4 Bg7 3.Nc3 d6 4.f4 Nc6 5.Nf3 Bg4 6.Bb5 Bxf3 7.Qxf3 Bxd4 8.e5 Qd7
9.Bd2 e6 10.O-O-O d5 11.Ne2 Bb6 12.c4 Nge7 13.Bb4 O-O-O 14.Qa3 Kb8 15.c5 a5
16.Be1 Ba7 17.Nd4 Qc8 18.Bxc6 Nxc6 19.Nxc6+ bxc6 20.Rd4 Qa6 21.Bxa5 Kc8 22.Bb4 Qb7
23.Bc3 Kd7 24.Rb4 Bxc5 25.Rxb7 Bxa3 26.bxa3 c5 27.Ba5 Rc8 28.Kc2 Kc6 29.Rhb1 f6
30.exf6 Rhf8 31.Ra7 Rxf6 32.Ra6+ Kd7 33.Bd2 g5 34.g3 Rh6 35.f5 Rxh2 36.fxe6+ Ke7
37.Rf1 c6 38.Re1 Rc7 39.Ra8 h6 40.Rg8 Kd6 41.e7 Rxe7 42.Rg6+ Kd7 43.Rxe7+ Kxe7
44.Rxh6 Rg2 45.Rxc6 c4 46.Kd1 Rxg3 47.Bb4+ Kd7 48.Rd6+ Kc7 49.Rxd5 Rd3+ 50.Rxd3 cxd3
51.Kd2 g4 52.Kxd3 g3  1/2-1/2

[Event "JUG-chT"]
[Site "Nis"]
[Date "1994.??.??"]
[Round "?"]
[White "Dochev, Dimitar"]
[Black "Vujadinovic, Goran"]
[Result "1-0"]
[WhiteElo "2395"]
[BlackElo "2355"]

1.e4 d6 2.d4 g6 3.Nc3 Bg7 4.Be3 a6 5.f3 b5 6.g4 h5 7.gxh5 Rxh5 8.Nge2 Nd7
9.Qd2 c5 10.Nf4 Rh8 11.dxc5 dxc5 12.Rd1 Bb7 13.Bh3 Ngf6 14.Qg2 Qa5 15.O-O b4
16.Ncd5 Ne5 17.Nxf6+ Bxf6 18.Nd5 Bg7 19.f4 Nc4 20.Qg5 Qd8 21.Bxc5 Rxh3 22.Bxe7 Qb8
23.Bxb4 Qa7+ 24.Kg2 Bxd5 25.exd5 Qd7 26.Rfe1+ Ne3+ 27.Kf2 Rxh2+ 28.Kg1 Rh3
29.Rd3 f6 30.Qxg6+ Kd8 31.Rdxe3 Rxe3 32.Rxe3 a5 33.Be7+ Kc8 34.Qg2 Bh6 35.Rc3+ Kb7
36.d6+ Ka7 37.Rc7+ Qxc7 38.dxc7 Rc8 39.Bd8 Bf8 40.Qc6 Bb4 41.c3 Bf8 42.Qb5 Bd6
43.Qxa5+ Kb7 44.Qb5+ Ka7 45.Qc6 Bxf4  1-0

[Event "NLD-ch op"]
[Site "?"]
[Date "1994.??.??"]
[Round "?"]
[White "Hodgson, Julian M"]
[Black "Van Wely, Loek"]
[Result "1-0"]
[WhiteElo "2580"]
[BlackElo "2560"]

1.d4 g6 2.e4 Bg7 3.Nc3 d6 4.Bg5 c6 5.Qd2 Nf6 6.Bh6 Bxh6 7.Qxh6 Qa5 8.Bd3 c5
9.Nf3 cxd4 10.Nxd4 Qb6 11.O-O-O Nc6 12.Bb5 Bd7 13.Qe3 a6 14.Be2 Nxd4 15.Rxd4 O-O
16.Rhd1 Rac8 17.e5 dxe5 18.Rxd7 Nxd7 19.Rxd7 Qc6 20.Rxe7 Qxg2 21.Qxe5 Qxf2
22.b3 Rc6 23.Kb2 b5 24.Nd5 f6 25.Qe4 Qxh2 26.Nf4 Rfc8 27.Bd3 Qg1 28.Qd5+ Kh8
29.Qd7 Qh2 30.Rxh7+ Qxh7 31.Nxg6+ Kg8 32.Ne7+  1-0

[Event "NLD-chT9495"]
[Site "?"]
[Date "1994.??.??"]
[Round "2"]
[White "Timmerman, Gert J"]
[Black "Cuijpers, Frans Andre"]
[Result "0-1"]
[WhiteElo "2320"]
[BlackElo "2425"]

1.e4 g6 2.d4 Bg7 3.Nc3 d6 4.Nf3 c6 5.a4 Nf6 6.Be2 O-O 7.O-O Qc7 8.h3 Rd8
9.Bf4 Nbd7 10.a5 e5 11.Bh2 Re8 12.dxe5 dxe5 13.b4 Nf8 14.b5 Nh5 15.Qd2 Nf4
16.Rfd1 N8e6 17.bxc6 bxc6 18.Qd6 Qxd6 19.Rxd6 Bf8 20.Rxc6 Nxe2+ 21.Nxe2 Bb7
22.Rc3 f6 23.Nd2 Ba6 24.Nc1 Bb4 25.Rc6 Bb5 26.c3 Bf8 27.Rxe6 Rxe6 28.Rb1 Rd8
29.Ncb3 Red6 30.f4 Rxd2 31.Nxd2 Bc5+ 32.Kh1 Rxd2 33.fxe5 fxe5 34.Bxe5 Bd3
35.Rb8+ Kf7 36.Rc8 Be3 37.Rc7+ Ke6 38.Bd4 Rd1+ 39.Kh2 Bf4+  0-1

[Event "NLD-chT9495"]
[Site "?"]
[Date "1994.??.??"]
[Round "3"]
[White "Van de Oudeweetering, Arthur"]
[Black "Pieterse, Gert"]
[Result "1-0"]
[WhiteElo "2325"]
[BlackElo "2385"]

1.e4 g6 2.d4 Bg7 3.Nc3 d6 4.f4 Nh6 5.Nf3 Bg4 6.Be3 Nd7 7.h3 Bxf3 8.Qxf3 c5
9.dxc5 Qa5 10.Bf2 Nxc5 11.Bb5+ Kf8 12.Bxc5 Bxc3+ 13.Qxc3 Qxc3+ 14.bxc3 dxc5
15.O-O-O a6 16.Be2 e5 17.Rd7 exf4 18.Rxb7 Kg7 19.Rc7 Rhe8 20.Rxc5 Ra7 21.Ra5 Nf5
22.Rxa6 Rxa6 23.Bxa6 Ne3 24.Bb5 Rxe4 25.a4 Re5 26.Re1 Kf6 27.Re2 Ke6 28.c4 Kd6
29.a5 Kc5 30.a6 Re7 31.Kb2 g5 32.Rd2 Nxc4+ 33.Bxc4 Kxc4 34.Rd6 h5 35.Rf6 Kb5
36.Rf5+ Kxa6 37.Rxg5 Re2 38.Kb3 f3 39.gxf3 Re3+ 40.Kb4 Rxf3 41.Rxh5 Kb6 42.h4 Rf4+
43.c4 Rf1 44.Rd5 Rb1+ 45.Kc3 Rc1+ 46.Kd4 Rd1+ 47.Ke5 Re1+ 48.Kd6 Re4 49.c5+ Kb7
50.Kd7  1-0

[Event "NLD-chT9495"]
[Site "?"]
[Date "1994.??.??"]
[Round "3"]
[White "Kuijpers, Franciscus Antonius"]
[Black "Cuijpers, Frans Andre"]
[Result "1/2-1/2"]
[WhiteElo "2390"]
[BlackElo "2425"]

1.e4 g6 2.d4 Bg7 3.Nc3 d6 4.Be2 Nf6 5.Nf3 O-O 6.O-O c6 7.a4 Qc7 8.h3 Rd8
9.Be3 d5 10.e5 Ne4 11.Nxe4 dxe4 12.Nd2 c5 13.c3 Nc6 14.Qc2 Bf5 15.g4 Be6
16.Nxe4 cxd4 17.cxd4 Rac8 18.Rfd1 Qb8 19.Nc3 Nb4 20.Qe4 Bb3 21.Rd2 Nd5 22.Nxd5 Bxd5
23.Qf4 Qc7 24.Bf3 Qd7 25.Kg2 f6 26.exf6 Bxf6 27.Bxd5+ Qxd5+ 28.Qf3 Rc4 29.Qxd5+ Rxd5
30.b3 Rb4 31.Rb1 Bxd4 32.Bxd4  1/2-1/2

[Event "NLD-chT9495"]
[Site "?"]
[Date "1994.??.??"]
[Round "5"]
[White "Van der Vorm, Teun"]
[Black "Knoppert, Erik G J"]
[Result "1/2-1/2"]
[WhiteElo "2405"]
[BlackElo "2380"]

1.e4 g6 2.d4 Bg7 3.Nc3 d6 4.Be3 Nc6 5.Qd2 e5 6.Nge2 Nf6 7.f3 O-O 8.O-O-O a6
9.g4 b5 10.d5 Ne7 11.Ng3 Ne8 12.g5 f5 13.gxf6 Nxf6 14.h4 h5 15.Nce2 Kh7 16.Ng1 Nfg8
17.Bh3 Nh6 18.Bxc8 Nxc8 19.Nh3 Nf7 20.Rdg1 Qf6 21.Qg2 Ne7 22.Kb1 Kh8 23.Nf1 c6
24.dxc6 Rac8 25.Ng5 Nd8 26.Nd2 Rxc6 27.Nh3 Ne6 28.Ng5 Nf4 29.Qf1 d5 30.Nb3 d4
31.Bd2 Rfc8 32.Qd1 Bh6 33.Rh2 Rc4 34.Nc1 Bxg5 35.hxg5 Qf7 36.Bxf4 Qxf4 37.Rhg2 Nc6
38.Nd3 Qf7 39.Rf1 Qe6 40.Qe1 Rf8 41.Qg3 Kh7 42.Rgf2 Re8 43.f4 exf4 44.Rxf4 Nd8
45.Rf6 Qe7 46.e5 Rc6 47.Qf4 Rxf6 48.gxf6 Qd7 49.Qe4 Ne6 50.Rh1 Kh6 51.Rg1 g5
52.Qf5 Qf7 53.Nc5 Qg6 54.f7 Qxf5 55.fxe8=Q Nxc5 56.Qh8+ Kg6 57.Qg8+ Kh6 58.Qh8+ Kg6  1/2-1/2

[Event "NLD-chT9495"]
[Site "?"]
[Date "1994.??.??"]
[Round "5"]
[White "Klarenbeek, Mark"]
[Black "Hendriks, Willy"]
[Result "0-1"]
[WhiteElo "2390"]
[BlackElo "2370"]

1.e4 g6 2.d4 Bg7 3.Nc3 d6 4.f4 c6 5.Nf3 Bg4 6.Be3 Qb6 7.Qd2 Bxf3 8.gxf3 Nd7
9.O-O-O Qa5 10.Kb1 b5 11.Ne2 b4 12.f5 Ngf6 13.Bh6 Bxh6 14.Qxh6 O-O-O 15.Ng3 Nb6
16.Qe3 Kb8 17.h4 Rhg8 18.Be2 c5 19.dxc5 Qxc5 20.Qxc5 dxc5 21.Rxd8+ Rxd8 22.fxg6 hxg6
23.h5 gxh5 24.Nxh5 Rh8 25.Ng3 Rxh1+ 26.Nxh1 Nh5 27.Nf2 Nf4 28.Bf1 Kc7 29.Nd3 Nxd3
30.Bxd3 e5 31.c3 bxc3 32.bxc3 Kd6 33.Bb5 Ke7 34.Kc2 Kf6 35.Kd3 Kg5 36.Ke3 f6
37.a3 a5 38.Kd3 Kf4 39.Ke2 Nc8 40.Bc4 Nd6 41.Ba6 Nf7 42.Bb7 Ng5 43.Kd3 Kxf3
44.Bd5 Kf4 45.a4 Nf3 46.Kc4 Nd2+ 47.Kd3 Nf1 48.Kc4 Ng3 49.Kxc5 Nxe4+ 50.Bxe4 Kxe4
51.c4 Kd3 52.Kb6 e4 53.c5 e3 54.c6 e2 55.c7 e1=Q 56.c8=Q Qb4+ 57.Ka6 Qc4+
58.Qxc4+ Kxc4 59.Kxa5 Kc5 60.Ka6 f5 61.Kb7 f4 62.a5 f3 63.a6 f2 64.a7 f1=Q
65.a8=Q Qf7+ 66.Ka6 Qe6+ 67.Kb7 Qd7+  0-1

[Event "BCF-ch"]
[Site "Norwich"]
[Date "1994.??.??"]
[Round "6"]
[White "Howell, James C"]
[Black "Walker, David"]
[Result "1-0"]
[WhiteElo "2495"]
[BlackElo "2300"]

1.e4 g6 2.d4 Bg7 3.Nc3 d6 4.Nge2 Nc6 5.Be3 e5 6.Qd2 a6 7.O-O-O Nf6 8.f3 O-O
9.Bh6 Nxd4 10.Nxd4 exd4 11.Bxg7 dxc3 12.Qh6 cxb2+ 13.Kb1 Re8 14.h4 Re5 15.g4 Bxg4
16.Bxf6 Qxf6 17.fxg4 Qe6 18.Bg2 Qxg4 19.Qd2 h5 20.Qf2 Rae8 21.Rd4 Qe6 22.Rh3 Kg7
23.Rf3 c5 24.Ra4 Qd7 25.Rf4 R8e7 26.Ra3 c4 27.Qd4 Qc6 28.Raf3 Kg8 29.Rg3 d5
30.Re3 dxe4 31.Rfxe4 Rxe4 32.Rxe4 Rxe4 33.Bxe4 Qc7 34.Kxb2 b5 35.Bd5 Qe7
36.a3 Qc7 37.Qf6 Kf8 38.Qh8+ Ke7 39.Bxf7 c3+ 40.Ka2  1-0

[Event "BCF-ch"]
[Site "Norwich"]
[Date "1994.??.??"]
[Round "10"]
[White "Emms, John M"]
[Black "Buckley, Graeme"]
[Result "1/2-1/2"]
[WhiteElo "2525"]
[BlackElo "2295"]

1.e4 g6 2.d4 Bg7 3.Nc3 d6 4.Nf3 Nd7 5.Bc4 e6 6.Bg5 Ne7 7.Qd2 h6 8.Be3 a6
9.a4 b6 10.O-O Bb7 11.Rfe1 Kf8 12.h3 Kg8 13.Bf4 Kh7 14.Rad1 Re8 15.Bh2 Ng8
16.Bd3 c5 17.Bf1 cxd4 18.Nxd4 Ndf6 19.Nb3 d5 20.e5 Ne4 21.Nxe4 dxe4 22.Qe3 Qc7
23.Rd6 Bf8 24.Red1 Bxd6 25.exd6 Qd8 26.Be5 f6 27.Bc3 Bd5 28.Bb4 a5 29.Ba3 Ra7
30.Nd4 f5 31.Bb5 f4 32.Qe1 Rf8 33.c4 e5 34.cxd5 exd4 35.Qxe4 Rff7 36.d7 Ne7
37.Re1 Nf5 38.Qxf4 Raxd7 39.Bxd7 Qxd7 40.Qe4 Qxa4 41.Qe6 Qd7 42.Qe5 Qb5 43.Rc1 d3
44.Rc8 Rg7 45.Qb8 g5 46.Qe5 Qd7 47.Rc3 d2 48.Rd3 g4 49.Rxd2 gxh3 50.g3 h5
51.Qe6 Qxe6 52.dxe6 Kg6 53.e7 Nxe7 54.Rd6+ Kf5 55.Rd7 Ke6 56.Rb7 Nf5 57.Rxb6+ Kd5
58.Kh2 h4 59.gxh4 Nd4 60.Rf6 Ke4 61.Kxh3 Ne2 62.h5 Nf4+ 63.Kh2 Nxh5 64.f3+ Ke3
65.Bc5+ Ke2 66.Rf8 Ng3 67.Kh3 Nf1 68.Kh4 Nd2 69.f4 Kf3 70.Kh5 Ke4 71.f5 Nf3
72.Kh6 Rg5 73.f6 Kf5 74.Be3 Rg6+ 75.Kh7 Rxf6 76.Rxf6+ Kxf6 77.b3  1/2-1/2

[Event "SLO-ch"]
[Site "Nova Gorica"]
[Date "1994.??.??"]
[Round "?"]
[White "Susnik, Matej"]
[Black "Mohr, Georg"]
[Result "0-1"]
[WhiteElo "2220"]
[BlackElo "2435"]

1.e4 g6 2.d4 Bg7 3.Nc3 d6 4.f4 c6 5.Nf3 Bg4 6.Be2 Qb6 7.e5 Nh6 8.Ne4 Na6
9.c3 Rd8 10.Nfg5 Bc8 11.Qb3 Nc7 12.Qxb6 axb6 13.Bd2 f6 14.exd6 exd6 15.Nf3 O-O
16.O-O d5 17.Nf2 Ne8 18.Rfe1 Nd6 19.Bd3 Kf7 20.b3 Rfe8 21.Rxe8 Rxe8 22.Re1 Be6
23.h3 Ra8 24.a4 Bf5 25.g4 Bxd3 26.Nxd3 Ne4 27.g5 Nf5 28.gxf6 Bxf6 29.Re2 c5
30.Nde5+ Ke6 31.Be1 cxd4 32.cxd4 Rc8 33.Nd3  0-1

[Event "Nyiregyhaza op"]
[Site "Nyiregyhaza"]
[Date "1994.??.??"]
[Round "?"]
[White "Videki, Sandor"]
[Black "Kadas, Gabor"]
[Result "1-0"]
[WhiteElo "2405"]
[BlackElo "2280"]

1.e4 d6 2.d4 g6 3.Nc3 Bg7 4.Be3 Nf6 5.f3 h6 6.Qd2 Nbd7 7.O-O-O Nb6 8.h4 c6
9.Bd3 Be6 10.b3 a5 11.a4 d5 12.e5 Ng8 13.Nge2 h5 14.Nf4 Qd7 15.Nce2 Bf5 16.Bxf5 gxf5
17.Ng3 e6 18.Ngxh5 Bf8 19.g4 fxg4 20.fxg4 Qe7 21.c3 Nd7 22.Nd3 f5 23.Nhf4 fxg4
24.Ng6 Qa3+ 25.Nb2 Rh5 26.Kc2 Rh6 27.Bxh6 Bxh6 28.Qd3  1-0

[Event "Oakham"]
[Site "Oakham"]
[Date "1994.??.??"]
[Round "2"]
[White "Hansen, Soren Bech"]
[Black "Conquest, Stuart"]
[Result "1/2-1/2"]
[WhiteElo "2300"]
[BlackElo "2495"]

1.e4 g6 2.d4 Bg7 3.Nc3 d6 4.Bg5 a6 5.Qd2 Nd7 6.f3 Ngf6 7.Bh6 Bxh6 8.Qxh6 b5
9.Nh3 e6 10.Nf2 Qe7 11.Be2 Bb7 12.O-O Qf8 13.Qd2 Qe7 14.a4 b4 15.Ncd1 a5
16.c3 c5 17.dxc5 dxc5 18.Ne3 O-O 19.Nc4 Rfd8 20.Qg5 Ba6 21.Rfd1 Bxc4 22.Bxc4 Nb6
23.Bb5 Nfd5 24.Qh6 Nc7 25.e5 Qf8 26.Qh4 Nbd5 27.c4 Ne3 28.Ne4 h6 29.Rxd8 Rxd8
30.Qf2 Nxb5 31.cxb5 Nc4 32.Qe2 Nb6 33.b3 Rd4 34.Rc1 Nd7 35.Qe3 Rd5 36.f4 Qb8
37.Kf2 Qb6 38.h4 Rd4 39.Ke2 Qb7 40.Rc4 Qd5 41.Rxd4 cxd4 42.Qd3 Kg7 43.Qc2 g5
44.g3 gxf4 45.gxf4 f5 46.exf6+ Nxf6 47.Qc7+ Kg6 48.Nxf6 Kxf6 49.Qe5+ Qxe5+
50.fxe5+ Kxe5 51.Kd3 Kd5 52.b6 Kc6 53.Kxd4 Kxb6 54.Ke5 Kc5 55.h5 Kb6 56.Kxe6 Kc6
57.Kf6 Kd5 58.Kg6 Kd4 59.Kxh6 Kc3 60.Kg5 Kxb3 61.h6 Ka2 62.h7 b3 63.h8=Q b2
64.Qh2 Ka1 65.Qe5 Ka2 66.Qd5+ Ka3 67.Qc5+ Ka2 68.Qd5+ Ka3 69.Qd3+ Ka2 70.Qd2 Ka1
71.Qxa5 b1=Q 72.Qc5 Qd3 73.a5 Qd2+ 74.Kf6 Qd8+ 75.Ke5 Qg5+ 76.Kd4 Qd2+ 77.Kc4 Qc2+
78.Kb4 Qe4+ 79.Qc4 Qe7+ 80.Kb3 Qb7+ 81.Qb4 Qd5+ 82.Kc2 Qf5+ 83.Kd1 Qf3+ 84.Kc1 Qc6+
85.Kd2 Qd5+ 86.Kc3 Qf3+ 87.Kc4 Qf7+ 88.Kc5  1/2-1/2